| 000 | 00832 a2200217 4500 | ||
|---|---|---|---|
| 001 | 60511 | ||
| 005 | 20260407155856.0 | ||
| 008 | 260407a2009 arg spa d | ||
| 003 | AR-UNSa-BCEJYS | ||
| 040 |
_aAR-UNSa-BCEJYS _bspa _cAR-UNSa-BCEJYS |
||
| 080 |
_a658.012.45 _xComunicaciones internas, información |
||
| 245 | 1 | 0 |
_aCómo dar feedback _pSoluciones prácticas para los desafìos del día a día |
| 020 | _a978-956-8827-09-0 | ||
| 264 | 1 |
_aChile : _bImpact Media Comercial _c2009 |
|
| 300 |
_a78 p. _c19 cm. |
||
| 505 | _a1. ¿Qué es el feedback? - 2. Cuándo dar feedback – 3. Cómo dar feedback eficazmente – 4. Cómo recibir feedback abiertamente – 5. Cómo manejar los problemas del feedback – | ||
| 041 | _aspa | ||
| 942 | _cBK | ||
| 590 | _aniveau_biblio:m niveau_hierar:0 | ||
| 100 | 1 | _aHarris, Jaime O. | |
| 999 |
_c7021 _d7021 |
||